[Event "Barcelona La Lira op 12th"]
[Site "Barcelona"]
[Date "2019.05.02"]
[Round "4"]
[White "Volart Buil, Jordi"]
[Black "Martin Valentin, Manuel"]
[Result "1-0"]
[WhiteElo "1625"]
[BlackElo "1286"]
[PlyCount "45"]
[EventDate "2019.04.04"]
[EventType "swiss"]
[EventRounds "9"]
[EventCountry "ESP"]
[SourceTitle "CBM 190 Extra"]
[Source "ChessBase"]
[SourceDate "2019.07.15"]
[SourceVersion "1"]
[SourceVersionDate "2019.07.15"]
[SourceQuality "1"]

1. d4 Nf6 2. c4 g6 3. Nc3 d5 4. Nf3 Bg7 5. Bf4 Be6 6. Ng5 Qd7 7. Nb5 Na6 8. Nxe6 fxe6 9. e3 0-0 10. c5 c6 11. Nc3 Nc7 12. Qb3 Rab8 13. Be2 b6 14. cxb6 Rxb6 15. Qc2 Nh5 16. Bg3 Nxg3 17. hxg3 e5 18. Na4 Rbb8 19. Nc5 Qd6 20. Nb3 Qb4+ 21. Qc3 exd4 22. exd4 Bxd4 23. Nxd4 1-0

[Event "Barcelona La Lira op 12th"]
[Site "Barcelona"]
[Date "2019.04.11"]
[Round "2"]
[White "Capellades Subirana, Marc"]
[Black "Martin Valentin, Manuel"]
[Result "1-0"]
[WhiteElo "2193"]
[BlackElo "1286"]
[PlyCount "45"]
[EventDate "2019.04.04"]
[EventType "swiss"]
[EventRounds "9"]
[EventCountry "ESP"]
[SourceTitle "CBM 190 Extra"]
[Source "ChessBase"]
[SourceDate "2019.07.15"]
[SourceVersion "1"]
[SourceVersionDate "2019.07.15"]
[SourceQuality "1"]

1. e4 e5 2. Nf3 Nc6 3. Bc4 Nf6 4. d4 exd4 5. 0-0 Bc5 6. e5 d5 7. exf6 dxc4 8. Re1+ Be6 9. Ng5 Qd5 10. Nc3 Qf5 11. fxg7 Rg8 12. Nce4 0-0-0 13. Nxe6 fxe6 14. Nxc5 Qxc5 15. Bh6 d3 16. cxd3 Rxd3 17. Qg4 Qf5 18. Qxc4 Re8 19. Rxe6 Rdd8 20. Rxe8 Rxe8 21. g8Q Rxg8 22. Qxg8+ Kd7 23. Rd1+ 1-0

[Event "Barcelona La Lira op 37th"]
[Site "Barcelona"]
[Date "2019.02.08"]
[Round "4"]
[White "Martin Valentin, Manuel"]
[Black "Alcaraz Salas, Ricard"]
[Result "0-1"]
[WhiteElo "1278"]
[BlackElo "1641"]
[PlyCount "72"]
[EventDate "2019.01.18"]
[EventType "swiss"]
[EventRounds "8"]
[EventCountry "ESP"]
[SourceTitle "CBM 189 Extra"]
[Source "ChessBase"]
[SourceDate "2019.06.03"]
[SourceVersion "1"]
[SourceVersionDate "2019.06.03"]
[SourceQuality "1"]

1. e4 c5 2. Nf3 Nc6 3. d4 cxd4 4. Nxd4 Nf6 5. Nc3 e5 6. Ndb5 d6 7. Bg5 a6 8. Na3 b5 9. Nd5 Be6 10. Bxf6 gxf6 11. c3 f5 12. exf5 Bxf5 13. Bd3 Be6 14. Qf3 Bxd5 15. Qxd5 Ne7 16. Qf3 d5 17. Qf6 Rg8 18. Bxh7 Rxg2 19. Qxe5 Bg7 20. Qe3 d4 21. Qe4 Rg5 22. 0-0-0 Rc8 23. Kb1 b4 24. Nc2 bxc3 25. b3 a5 26. a4 Rd5 27. Rd3 Qb6 28. Ka2 Rb8 29. Rb1 Qd6 30. f4 Kf8 31. Rg1 Qb6 32. Rb1 Rh5 33. Nxd4 Rxh2+ 34. Ka1 c2 35. Rc1 Rd8 36. Kb2 Nc6 0-1

[Event "Barcelona Sant Marti op 6th"]
[Site "Barcelona"]
[Date "2017.02.09"]
[Round "5"]
[White "Ibanez Camara, Oscar"]
[Black "Martin Valentin, Manuel"]
[Result "1-0"]
[WhiteElo "1626"]
[BlackElo "1190"]
[PlyCount "105"]
[EventDate "2017.01.12"]
[EventType "swiss"]
[EventRounds "9"]
[EventCountry "ESP"]
[SourceTitle "EXT 2018"]
[Source "ChessBase"]
[SourceDate "2017.10.13"]
[SourceVersion "1"]
[SourceVersionDate "2017.10.13"]
[SourceQuality "1"]

1. e4 e5 2. Nf3 Nc6 3. Bb5 a6 4. Ba4 d6 5. d4 b5 6. Bb3 Nxd4 7. Nxd4 exd4 8. Qxd4 c5 9. Qd5 Be6 10. Qc6+ Bd7 11. Qd5 c4 12. Bxc4 bxc4 13. Nc3 Nf6 14. Qxc4 Be7 15. 0-0 0-0 16. Re1 Re8 17. Bg5 Be6 18. Qd4 Nd7 19. Bxe7 Qxe7 20. Rad1 Rab8 21. b3 Rbc8 22. Re3 Qf6 23. Qxf6 Nxf6 24. Rxd6 Red8 25. Red3 Rxd6 26. Rxd6 Ne8 27. Rd3 g6 28. f3 Nd6 29. Na4 Rc6 30. c4 f5 31. e5 Nb7 32. f4 Nc5 33. Nxc5 Rxc5 34. Kf2 a5 35. Ke3 a4 36. Kd4 Rc7 37. Kc3 axb3 38. axb3 Rd7 39. Rd6 Rxd6 40. exd6 Kf7 41. b4 Bd7 42. Kd4 Ke6 43. Kc5 Be8 44. b5 Kd7 45. b6 Kc8 46. Kd4 Kb7 47. c5 Bd7 48. Ke5 Kc8 49. Kf6 Be8 50. Ke7 Bc6 51. b7+ Kxb7 52. d7 Bxd7 53. Kxd7 1-0

[Event "Barcelona Tres Peons-G 45th"]
[Site "Barcelona"]
[Date "2016.04.22"]
[Round "2.2"]
[White "Martin Valentin, Manuel"]
[Black "Zamora Leon, Eduard"]
[Result "1/2-1/2"]
[WhiteElo "1702"]
[BlackElo "1460"]
[PlyCount "78"]
[EventDate "2016.04.15"]
[EventType "swiss"]
[EventRounds "9"]
[EventCountry "ESP"]
[SourceTitle "EXT 2024"]
[Source "ChessBase"]
[SourceDate "2023.10.10"]
[SourceVersion "1"]
[SourceVersionDate "2023.10.10"]
[SourceQuality "1"]

1. e4 d5 2. exd5 Qxd5 3. Nc3 Qa5 4. Nf3 Bg4 5. Be2 Nf6 6. 0-0 c6 7. Re1 e6 8. Ne5 Bxe2 9. Qxe2 Bd6 10. d4 0-0 11. Bg5 Nbd7 12. a3 h6 13. b4 Qb6 14. Bxf6 Nxf6 15. Rad1 Rad8 16. Na4 Qc7 17. Nc5 Bxc5 18. dxc5 Nd5 19. Qf3 Qe7 20. Rd3 Nf6 21. Red1 Rxd3 22. Rxd3 a6 23. Rd6 Rd8 24. Qd3 Rxd6 25. cxd6 Qd8 26. c4 Nd7 27. Nxd7 Qxd7 28. c5 g6 29. a4 Kg7 30. f4 f6 31. Qd4 Kf7 32. h3 h5 33. Kf2 h4 34. Kf3 Kg7 35. g3 hxg3 36. Kxg3 Kf7 37. h4 Kg7 38. Qe4 Kf7 39. a5 Kg7 1/2-1/2

[Event "Barcelona Sant Marti op-B 17th"]
[Site "Barcelona"]
[Date "2015.07.17"]
[Round "5"]
[White "Bernat Mor, Juli"]
[Black "Martin Valentin, Manuel"]
[Result "1-0"]
[WhiteElo "1687"]
[BlackElo "1750"]
[PlyCount "41"]
[EventDate "2015.07.13"]
[EventType "swiss"]
[EventRounds "9"]
[EventCountry "ESP"]
[SourceTitle "EXT 2016"]
[Source "ChessBase"]
[SourceDate "2015.10.08"]
[SourceVersion "1"]
[SourceVersionDate "2015.10.08"]
[SourceQuality "1"]

1. e4 e5 2. Nf3 Nc6 3. d4 exd4 4. Nxd4 Nf6 5. Nc3 Bb4 6. Nxc6 bxc6 7. Bd3 d5 8. exd5 Nxd5 9. Bd2 0-0 10. 0-0 Re8 11. Na4 Bd6 12. Bc4 Bd7 13. a3 a5 14. Nc3 Bxh2+ 15. Kxh2 Qh4+ 16. Kg1 Qxc4 17. Qh5 Nf6 18. Qh2 Rad8 19. Bg5 Re6 20. Bxf6 Rde8 21. Bg5 1-0

[Event "Barcelona Sant Marti op-B 17th"]
[Site "Barcelona"]
[Date "2015.07.15"]
[Round "3"]
[White "Martimpe Burgues, Xavier"]
[Black "Martin Valentin, Manuel"]
[Result "0-1"]
[WhiteElo "1611"]
[BlackElo "1750"]
[PlyCount "86"]
[EventDate "2015.07.13"]
[EventType "swiss"]
[EventRounds "9"]
[EventCountry "ESP"]
[SourceTitle "EXT 2016"]
[Source "ChessBase"]
[SourceDate "2015.10.08"]
[SourceVersion "1"]
[SourceVersionDate "2015.10.08"]
[SourceQuality "1"]

1. e4 e5 2. d3 d5 3. d4 dxe4 4. d5 Nf6 5. Bg5 Be7 6. Nc3 Nxd5 7. Bxe7 Nxe7 8. Qxd8+ Kxd8 9. Nxe4 c6 10. Nf3 f6 11. Nd6 Rf8 12. Rd1 Kc7 13. Bc4 Rd8 14. Ne4 Rxd1+ 15. Kxd1 Bf5 16. Re1 Bxe4 17. Rxe4 Nd7 18. Nd4 Nc5 19. b4 Nxe4 20. f3 Nf2+ 21. Ke2 exd4 22. Kxf2 b5 23. Bd3 Nd5 24. a3 Nc3 25. Bxh7 Rh8 26. Bf5 Kb6 27. h3 a5 28. bxa5+ Kxa5 29. Be4 Nxe4+ 30. fxe4 Re8 31. Kf3 Re5 32. h4 g6 33. g4 c5 34. Kf4 c4 35. g5 Re6 36. gxf6 Rxf6+ 37. Kg5 Re6 38. Kf4 b4 39. axb4+ Kxb4 40. e5 Kc3 41. Ke4 d3 42. cxd3 cxd3 43. Kd5 Rxe5+ 0-1